01386naa#a2200265#i#4500001001600000005001700016011001400033100004100047101000800088102000700096200021600103210010500319215001100424608004500435675012700480700006200607700006400669700005200733700006600785700006400851700007400915700005600989700005001045856002501095RU\\bibl\12665920260702104553.4##a2074-9414##a20260630b2026####ek#y0rusy0150####ca0#aRUS##aRU1#aИзучение свойств штаммов Streptococcus thermophilus и конструирование микробных консорциумов с их участиемeЖурнальная статья1#aКемеровоcКемеровский государственный университетd2026##a11 с.##aЖурнальная статья2local##aСельское хозяйство. Лесное хозяйство. Охота. Рыбное хозяйство. 63zRUS#1aКишиловаgСветлана Анатольевна#1aЛеоноваgВиктория Александровна#1aМитроваgВера Анатольевна#1aСеменоваgВиктория Александровна#1aПряничниковаgНаталия Сергеевна#1aСемипятныйgВладислав Константинович#1aРожковаgИрина Владимировна#1aГалстянgАрам Генрихович4#avestnik-hss.kemsu.ru